Maantiedettä kirjaimittain - E - Statistics

Yleistilastot
  • Tätä visaa on pelattu 1 583 kertaa
  • Keskiarvotulos 14 / 20
Vastaustilastot
Vihje Vastaus % Oikein
Viro viron kielellä Eesti
95%
Pariisin tunnetuin maamerkki Eiffel-torni
95%
Muinoin faaraoiden hallitsema valtio Egypti
93%
Maailman korkein vuori Everest
92%
Suurin valtio Pyreneiden niemimaalla Espanja
90%
Lähes kokonaan jäätikön peittämä maanosa Etelämanner
90%
Aktiivinen tulivuori Sisilialla Etna
84%
Lentokyvytön lintu, joka on yksi Australian kansalliseläimistä Emu
83%
Ainoa valtio, jolla on kolme pääkaupunkia Etelä-Afrikka
75%
Aiemmin nimellä Abessinia tunnettu valtio Etiopia
72%
Galapagossaaria hallinnoiva valtio Ecuador
70%
Vuonna 1966 jalkapallon MM-kilpailut voittanut "maa" Englanti
66%
Vuonna 2011 itsenäistynyt valtio Etelä-Sudan
59%
Meri Kreikan ja Turkin välissä Egeanmeri
51%
Merkittävä joki Saksassa Elbe
51%
Joki lähellä Tigristä Eufrat
51%
Albertan provinssin pääkaupunki Edmonton
47%
Yksi Pohjois-Amerikan Isoistajärvistä Eriejärvi
45%
Euroopan korkein vuori Elbrus
35%
Kap Verden nykyinen ja Portugalin entinen valuutta Escudo
26%
Ehtoja vastaavia visoja ei löytynyt
Tulosjakauma
Jokaisen tuloksen saaneiden osuus
Persentiili vastausten määrän mukaan
Tuloshistoriasi
Et ole pelannut tätä visaa